Normal view MARC view

Entry Nome pessoal

Number of records used in: 1

001 - NÚMERO DE CONTROLE

  • campo de controle: 837

003 - IDENTIFICADOR DO NÚMERO DE CONTROLE

  • campo de controle: Br

005 - DATA E HORÁRIO DA ÚLTIMA TRANSAÇÃO

  • campo de controle: 20250414075547.0

008 - CAMPO DE DADOS FIXOS

  • campo de controle de tamanho fixo: 070405acnnnaab|8 aaaa a d

035 ## - NÚMERO DE CONTROLE DO SISTEMA

  • Número de Controle do Sistema: 2007040510433739med

040 ## - FONTE DA CATALOGAÇÃO

  • Instituição da catalogação original: Br
  • Instituição que transcreveu o registro: Br
  • Convenções de cabeçalho de assunto/tesauros: Br

100 1# - CABEÇALHO--NOME PESSOAL

  • Nome pessoal: Trassi, Maria de Lourdes,
  • Datas associadas ao nome: 1951-

400 1# - REMISSIVA VER--NOME PESSOAL

  • Nome pessoal: Teixeira, Maria de Lourdes Trassi
  • Datas associadas ao nome: 1951-

400 1# - REMISSIVA VER--NOME PESSOAL

  • Nome pessoal: Trassi Teixeira, Maria de Lourdes
  • Datas associadas ao nome: 1951-

670 ## - FONTE POSITIVA DOS DADOS

  • Citação da fonte positiva dos dados: Autor de: Adolescência-violência...2006.

670 ## - FONTE POSITIVA DOS DADOS

  • Citação da fonte positiva dos dados: CNPq
  • Dados encontrados na fonte localizada no subcampo: (n.c.; e-mail; doutorado em Serviço Social-PUC/SP, 2001-2002; graduação em Psicologia-PUC/SP, 1969-1973)

670 ## - FONTE POSITIVA DOS DADOS

  • Citação da fonte positiva dos dados: LC authorities 4/4/07

670 ## - FONTE POSITIVA DOS DADOS

  • Citação da fonte positiva dos dados: E-mail: lurdinhatrassi@uol.com.br
  • Dados encontrados na fonte localizada no subcampo: (d.n.: 20/6/51 em Jagapitã, PR)

675 ## - FONTE NEGATIVA DOS DADOS

  • Citação da fonte positiva dos dados: EDA

Powered by Koha